00743nam a2200205Ia 4500003000900000008004100009020002200050040001600072080001800088245009500106260004700201300001000248650003100258650002700289650002700316700003600343942000700379999001700386952013400403IN-BaIIA211028s9999 xx 000 0 eng d a978-0-226-28229-9 cIIA Library a524.3-54bPHY 0aPhysical processes in circumstellar disks around young starscedited by Paulo J. V. Garcia aChicagobUniversity of Chicago Pressc2011 a422p. aDisks(Astrophysics)934540 aStars-Evolution910853 aStars-Formation913142 aGarcia, Paulo J. V., ed.934541 cBK c18099d18099 00104070aBANbBANcGENd2011-08-02eEDS g2435.00l0o524.3-54/ PHYp19021r2021-11-05v2435.00w2011-08-02yBKGRs. 2435.00